Canciones de Los Tres - Estadísticas

Estadísticas generales
  • Esta prueba ha sido intentada 16 veces
  • La puntuación promedio es 43 de 98
Estadísticas de respuestas
Los Tres % Correcto
He barrido el sol
100%
La espada
100%
La torre de Babel
100%
Un amor violento
100%
La espada y la pared
86%
No me falles
86%
Tírate
86%
Cerrar y abrir
71%
El aval
71%
En Jamaica
71%
Hágalo usted mismo
71%
Hojas de té
71%
Olor a gas
71%
Pájaros de fuego
71%
Sudapara
71%
Amores incompletos
57%
Camino
57%
Coliumo
57%
Déjate caer
57%
Flores secas
57%
Follaje en el invernadero
57%
Gato por liebre
57%
La primera vez
57%
La sangre en el cuerpo
57%
Moizefala
57%
No sabes qué desperdicio tengo en el alma
57%
Quién es la que viene allí
57%
Quizás con quién
57%
Shusha
57%
Somos tontos, no pesados
57%
Te desheredo
57%
Traje desastre
57%
Tu cariño se me va
57%
Agua fría
43%
Bestia
43%
Bip bip
43%
Bolsa de mareo
43%
Caudillo de congrios
43%
Claus
43%
De hacerse se va a hacer
43%
Dos en uno
43%
El haz sensor
43%
El hocicón
43%
Feliz de perder
43%
Feria verdadera
43%
Jarabe para la tos
43%
La respuesta
43%
Me rompió el corazón
43%
Morir de viejo
43%
Piratas
43%
Restorán
43%
Se remata el siglo I
43%
Se remata el siglo II
43%
Silencio
43%
Soñé que estabas justo sobre mí
43%
Toco fondo
43%
Agua bendita
29%
Alguien como tú
29%
All tomorrow's parties
29%
Antes
29%
Diabla
29%
Donde sea
29%
Don José
29%
El arrepentido
29%
El rey del mariscal
29%
El sueño de la hora más oscura
29%
Fealdad
29%
Hey hey hey
29%
Largo
29%
La vida que yo he pasado
29%
Libreta
29%
Lo que quieres
29%
Me arrendé
29%
No es cierto
29%
No me gusta el sol
29%
Odio amarte así
29%
Pancho
29%
Partir de cero
29%
Por qué no viniste
29%
Rompe paga
29%
Ruina
29%
Terrible
29%
The thrill is gone
29%
Viento
29%
V & V
29%
Y para qué
29%
A palos con l'águila
14%
Cárcel, hospital y cementerio
14%
Cielo oscuro
14%
Cuento sin final
14%
Desperté y soñé
14%
En capilla
14%
En el banquillo
14%
Hey Soledad
14%
Hoy me hice la mañana
14%
Marta
14%
Rosas blancas al altar
14%
Seguir hasta que salga el sol
14%
No se encontraron pruebas coincidentes
Distribución de puntuación
Porcentaje de gente con cada puntuación
Porcentaje por número respondido
Historial de tus puntuaciones
No has intentado esta prueba.